Small cities and towns in global era:emerging changes and perspectives (Record no. 443561)

000 -LEADER
fixed length control field 00462cam a22001457a 4500
008 - FIXED-LENGTH DATA ELEMENTS--GENERAL INFORMATION
fixed length control field 180718b2013 xxu||||| |||| 00| 0 eng d
020 ## - INTERNATIONAL STANDARD BOOK NUMBER
International Standard Book Number 9788131605752
082 ## - DEWEY DECIMAL CLASSIFICATION NUMBER
Classification number J71x54 Sh23s
245 ## - TITLE STATEMENT
Title Small cities and towns in global era:emerging changes and perspectives
Statement of responsibility, etc. edited by R.N. Sharma and R.S. Sandhu
260 ## - PUBLICATION, DISTRIBUTION, ETC.
Place of publication, distribution, etc. Jaipur
Name of publisher, distributor, etc. Rawat
Date of publication, distribution, etc. 2013
300 ## - PHYSICAL DESCRIPTION
Extent 358p.
650 ## - SUBJECT ADDED ENTRY--TOPICAL TERM
Topical term or geographic name entry element Cities and towns -- India -- Growth
700 ## - ADDED ENTRY--PERSONAL NAME
Personal name Sandhu, R.S.
700 ## - ADDED ENTRY--PERSONAL NAME
Personal name Sharma, R.N.
Holdings
Withdrawn status Lost status Damaged status Not for loan Permanent Location Current Location Date acquired Full call number Barcode Date last seen Price effective from Koha item type
        Indian Institute of Public Administration Indian Institute of Public Administration 2014-02-13 J71x54 Sh23s 85476 2018-07-21 2018-07-21 Book

Powered by Koha